Stav a perspektívy ekologického výskumu horských lesných ekosystémov zborník referátov a posterov z medzinárodnej vedeckej konferencie : proceedings of papers and posters from international scientific conference : Poľana, 22.-25.10.2001

Bibliographic Details
Format: Book
Language:Slovak
PhysicalDescription:1 elektronický optický disk (CD-ROM)
Published: Zvolen Lesnícky výskumný ústav 2001
Subjects:

MARC

LEADER 00000nam a2200000 a 4500
001 vtls001423714
003 SK-MaSNL
005 20260302001722.0
008 130607s2001 xo 0 slo
015 |a SNBS2001/04-02735 
035 |a SNK000378593 
040 |a SNK  |b slo  |c SNK  |e AACR2 
044 |a xo  |c SK 
080 |a 634.0.1/.2+634.0.6/.9(048.3)(086.86)=854=20  |2 1 . stred. slo 
080 |a 634.0.6/.9  |2 1981 
245 1 |a Stav a perspektívy ekologického výskumu horských lesných ekosystémov  |h elektronický zdroj  |b zborník referátov a posterov z medzinárodnej vedeckej konferencie : proceedings of papers and posters from international scientific conference : Poľana, 22.-25.10.2001 
246 1 0 |a Perspectives of the ecological research in s 
246 1 1 |a Perspectives of the ecological research in mountain forest ecosystems  |b proceedings of papers and posters from international scietific conference 
256 |a Počítačové dáta 
260 |a Zvolen  |b Lesnícky výskumný ústav  |c 2001 
300 |a 1 elektronický optický disk (CD-ROM) 
500 |a Súbež. názov a text angl. 
500 |a Elektronické dokumenty 
610 0 7 |a Medzinárodná vedecká konferencia  |d 2001  |2 SNK  |9 638071 
611 1 7 |a Medzinárodná vedecká konferencia  |d 2001  |c Poľana, Slovensko  |2 SNK  |9 638072 
650 0 7 |a ekológia  |x ekosystémy horské  |x výskumy  |y 2001  |x referáty  |x zborníky  |x do kumenty elektronické  |2 SNK  |9 638073 
655 7 |a elektronické dokumenty  |2 SNK  |9 70518 
999 |c 985012  |d 986942 
952 |t P60, <03>, [BOOK], {603}  |a SNK  |b SNK  |y PREZ  |7 0  |p 17A0320814  |o snkSCDM 182  |i snkJK 876/2001  |0 0  |1 0  |4 0  |d 2001-11-07  |l 0  |r 2005-01-02 00:00:00  |w 2026-02-24 
952 |a SNK  |b SNK  |y PREZ  |7 0  |p 17A0320815  |o snkSCDM 182 D1  |i snkJK 877/2001  |0 0  |1 0  |4 0  |d 2001-11-07  |l 0  |r 2005-01-02 00:00:00  |w 2026-02-24